| 000 | 00635nam a22002057a 4500 | ||
|---|---|---|---|
| 003 | 0 | ||
| 005 | 20251017120449.0 | ||
| 008 | 251017b xxu||||| |||| 00| 0 eng d | ||
| 020 | _a978-1-80081-292-5 | ||
| 050 |
_aBF 637.S8 _b.M34 2015 |
||
| 100 |
_aMaltz, Maxwell, _d1899–1975, _eauthor. |
||
| 245 |
_aPsycho-cybernetics / _cMaxwell Maltz. |
||
| 260 |
_aLondon : _bSouvenir Press, _c2015. |
||
| 300 |
_a310 pages ; _c20 cm. |
||
| 500 | _aOriginally published in 1960. | ||
| 504 | _aIncludes bibliographical references and index. | ||
| 650 | _aSelf-perception. | ||
| 650 |
_aSuccess _vPsychological aspects. |
||
| 942 |
_2lcc _cBK |
||
| 999 |
_c368263 _d368263 |
||